|
|
|
|
| LEADER |
01354cam a2200373 a 4500 |
| 001 |
nkc20142573641 |
| 003 |
CZ PrNK |
| 005 |
20140530085431.0 |
| 007 |
ta |
| 008 |
140320s2014 xr g 000 f cze d |
| 015 |
|
|
|a cnb002573641
|
| 020 |
|
|
|a 978-80-206-1360-8
|q (váz.)
|
| 035 |
|
|
|a (OCoLC)880868866
|
| 040 |
|
|
|a KLG001
|b cze
|d ABA001
|
| 041 |
1 |
|
|a cze
|h eng
|
| 072 |
|
7 |
|a 821.111-3
|x Anglická próza, anglicky psaná
|2 Konspekt
|9 25
|
| 080 |
|
|
|a 821.111-31
|2 MRF
|
| 080 |
|
|
|a (0:82-312.4)
|2 MRF
|
| 100 |
1 |
|
|a Wallace, Edgar,
|d 1875-1932
|7 jn19990008883
|4 aut
|
| 240 |
1 |
0 |
|a Fellowship of the Frog.
|l Česky
|7 aun2011630507
|
| 245 |
1 |
0 |
|a Žabí bratrstvo /
|c Edgar Wallace ; [z anglického originálu ... přeložili Běla Vrbová-Pavlousková a Otakar Blanda]
|
| 260 |
|
|
|a Praha :
|b Naše vojsko,
|c 2014
|
| 300 |
|
|
|a 378 s. ;
|c 19 cm
|
| 655 |
|
7 |
|a anglické romány
|7 fd131814
|2 czenas
|
| 655 |
|
7 |
|a detektivní romány
|7 fd132010
|2 czenas
|
| 655 |
|
9 |
|a English fiction
|2 eczenas
|
| 655 |
|
9 |
|a detective novels
|2 eczenas
|
| 700 |
1 |
|
|a Vrbová-Pavlousková, Běla,
|d 1896-
|7 jk01151024
|4 trl
|
| 700 |
1 |
|
|a Blanda, Otakar,
|d 1931-1993
|7 jk01012250
|4 trl
|
| 910 |
2 |
|
|a BOA001
|b 1-1327.902
|
| 990 |
|
|
|a BK
|
| 995 |
|
|
|a 01
|
| 991 |
|
|
|b 201405
|c NOV
|e b
|
| 996 |
6 |
|
|b 2610592860
|c 1-1327.902
|l MZK
|r Sklad / do 1 hodiny
|n 0
|p p.v.
|w 001426029
|u 000010
|a 1
|e BOA001
|j MZK50
|s P
|